LEADER 01690nam 2200409 a 450 001 9910696217603321 005 20071204082614.0 035 $a(CKB)5470000002376649 035 $a(OCoLC)182746991 035 $a(EXLCZ)995470000002376649 100 $a20071204d2007 ua 0 101 0 $aeng 135 $aurmn||||||||| 181 $ctxt$2rdacontent 182 $cc$2rdamedia 183 $acr$2rdacarrier 200 10$aHomeland security$b[electronic resource] $eU.S. Visitor and Immigrant Status program's long-standing lack of strategic direction and management controls needs to be addressed : report to congressional committees 210 1$a[Washington, D.C.] :$cU.S. Govt. Accountability Office,$d[2007] 215 $ai, 163 pages $cdigital, PDF file 300 $aTitle from title screen (viewed on Nov. 5, 2007). 300 $a"August 2007." 300 $aPaper version available from: U.S. Govt. Accountability Office, 441 G St., NW, Rm. LM, Washington, D.C. 20548. 300 $a"GAO-07-1065." 320 $aIncludes bibliographical references. 517 $aHomeland security 606 $aVisitors, Foreign$xGovernment policy$xEconomic aspects$zUnited States 606 $aVisitors, Foreign$zUnited States$xIdentification$xData processing$xFinance 606 $aBiometric identification$zUnited States$xFinance 615 0$aVisitors, Foreign$xGovernment policy$xEconomic aspects 615 0$aVisitors, Foreign$xIdentification$xData processing$xFinance. 615 0$aBiometric identification$xFinance. 801 0$bGPO 801 1$bGPO 906 $aBOOK 912 $a9910696217603321 996 $aHomeland Security$91686681 997 $aUNINA